000 00313pam a2200133 a 4500
020 _c
041 _h
082 _a658.14999999999998
_bSON
100 _aSontakke,K.A.
245 _aFinancial Accounting
_hTextual Documents
260 _aMumbai
_bHimalay Publishing House
_c2009
300 _a337
930 _a7126
999 _c113953
_d113953